| 000 | 00524nam a2200205uu 4500 | ||
|---|---|---|---|
| 001 | WIIW0000188 | ||
| 003 | OSt | ||
| 005 | 20250221115218.0 | ||
| 007 | tu | ||
| 008 | 250221t2020 xxk||||| ||||||0| | eng d | ||
| 020 | _a960-8124-45-X | ||
| 040 | _cOSt | ||
| 041 | _aeng | ||
| 100 | _dTziampiris, Z. | ||
| 245 | 0 | 0 |
_aKosovo´s Endgame: _bSovereignity and Stability in the Western Balkans |
| 260 |
_aAthens: _bDefense Analyses Institute _c2006. |
||
| 300 |
_a219 S. ; _c21,5 cm. |
||
| 651 | _aWestern Balkans | ||
| 942 |
_cB _2z |
||
| 999 |
_c9087 _d9087 |
||